000 00434 a2200157 4500
005 20250625113049.0
020 _a0-07-286342-0
082 _a808.0427 CRU
100 _aCRUSIUS, T. W.
245 _aThe Aims Of Argument: A Text And Reader,
250 _a4th Ed.
260 _aNew York,
_bMcGraw-Hill Irwin,
_c2003.
300 _axxxiv.; 317p.; ill,; picture,
_bGlossary & Index,
_c24cm.
700 _aCHANNELL,C. E.
942 _2ddc
_cBKS
999 _c5030
_d5030